书目信息 |
| 题名: |
大学生职业生涯规划教程
|
|
| 作者: | 陈绵水 , 高海生 主编 | |
| 分册: | ||
| 出版信息: | 北京 北京交通大学出版社 2007.05 |
|
| 页数: | 255页 | |
| 开本: | 24cm | |
| 丛书名: | ||
| 单 册: | ||
| 中图分类: | G647.38 | |
| 科图分类: | ||
| 主题词: | 大学生--da xue sheng--职业选择--教材 | |
| 电子资源: | ||
| ISBN: | 978-7-81123-041-3 | |
| 000 | 01057nam0 2200265 450 | |
| 001 | 012008821217 | |
| 005 | 20080808164207.76 | |
| 010 | @a978-7-81123-041-3@dCNY25.60 | |
| 100 | @a20080808d2007 em y0chiy0120 ea | |
| 101 | 0 | @achi |
| 102 | @aCN@b110000 | |
| 105 | @ay a 000yy | |
| 106 | @ar | |
| 200 | 1 | @a大学生职业生涯规划教程@Ada xue sheng zhi ye sheng ya gui hua jiao cheng@f陈绵水, 高海生主编@Fchen mian shui,gao hai sheng zhu bian |
| 210 | @a北京@c北京交通大学出版社@d2007.05 | |
| 215 | @a255页@d24cm | |
| 300 | @a21世纪高校公共基础课平台建设规划教材 | |
| 320 | @a有书目 (第255页) | |
| 330 | @a本书集中了生涯规划的最新成果和经典研究成果,详细、系统地介绍了职业生涯规划的理论。从实践层面,分门别类的阐述了职业生涯规划的起点、外部环境、自我管理,还针对在校大学生详细介绍了大学生如何规划好大学生活的方法。 | |
| 606 | 0 | @a大学生@Ada xue sheng@x职业选择@j教材 |
| 690 | @aG647.38@v4 | |
| 701 | 0 | @a陈绵水@Achen mian shui@4主编 |
| 701 | 0 | @a高海生@Agao hai sheng@4主编 |
| 801 | 0 | @aCN@bQSSK@c20080808 |
| 905 | @b732674-75@dG647.38@eC516@f2 | |
| 大学生职业生涯规划教程/陈绵水, 高海生主编.-北京:北京交通大学出版社,2007.05 |
| 255页;24cm |
| 21世纪高校公共基础课平台建设规划教材 |
| ISBN 978-7-81123-041-3:CNY25.60 |
| 本书集中了生涯规划的最新成果和经典研究成果,详细、系统地介绍了职业生涯规划的理论。从实践层面,分门别类的阐述了职业生涯规划的起点、外部环境、自我管理,还针对在校大学生详细介绍了大学生如何规划好大学生活的方法。 |
| ● |
| 相关链接 |
|
|
|
正题名:大学生职业生涯规划教程
索取号:G647.38/C516
 
预约/预借
| 序号 | 登录号 | 条形码 | 馆藏地/架位号 | 状态 | 备注 |
| 1 | 732674 | 207326749 | 社科库409/409社科库 13排2列4层/ [索取号:G647.38/C516] | 在馆 | |
| 2 | 732675 | 207326758 | 社科库409/409社科库 13排2列4层/ [索取号:G647.38/C516] | 在馆 |